000 00578nam a2200193Ia 4500
005 20250923145652.0
008 008 250917s9999 xx 000 0 eng d
037 _aTextual
040 _aDSWL
_beng
_cDSWL
041 _aeng
_2eng
084 _aY31:7:7.2, N82
_qDSWL
245 0 _aIntegrated rural development (Papers Presentes at a workshop)
_c Ed.by M. Abel
260 _aAnantapur
_bSri Krishna Dev. University (A.P)
_c1982
300 _a187p.
365 _aINR
_b4.5
925 _g4.5
942 _cTEXL
_hY31:7:7.2, N82
999 _c1454147
_d1454147